00797nam a2200229 i 4500001000700000003000900007005001700016007000300033008004100036020001800077080002800095100003000123245007300153250001200226260007100238300002200309490002700331830003500358852003300393999001900426952012200445103536ES-MaACL20230906183406.0t|060404s1980 sp ||||1| spa d a0-8477-0058-5 a821.134.2(729.5)-14"19"1 aPalma, Marigloria.98861310aVersos de cada día b: (estampas numeradas) / cMari Gloria Palma. a1ª ed. aRío Piedras, Puerto Rico : bUniversidad de Puerto Rico, c1980. a228 p. ; c17 cm.1 aUprex. Poesía ; v580 aUprex. Poesía ; v589184772 aES-MaACLjC-56824 bR.137383 c103536d103536 00104070aATENEOMbATENEOMcDEPO2d2008-01-17eSCl0oC-56824p1108103r2023-02-23 00:00:00w2023-02-23yMONOGRAFIA